[Event "Moscow op-B"]
[Site "Moscow"]
[Date "2009.11.20"]
[Round "1"]
[White "Seregin, Alexey"]
[Black "Manukyan, Sargis V"]
[Result "0-1"]
[WhiteElo "1916"]
[BlackElo "2198"]
[PlyCount "108"]
[EventDate "2009.01.31"]
[EventType "swiss"]
[EventRounds "9"]
[EventCountry "RUS"]
[SourceTitle "EXT 2012"]
[Source "ChessBase"]
[SourceDate "2011.11.24"]
[SourceVersion "1"]
[SourceVersionDate "2011.11.24"]
[SourceQuality "1"]

1. e4 e6 2. d4 d5 3. c4 dxe4 4. Nc3 Nf6 5. Bg5 Be7 6. f3 Nc6 7. Be3 Bb4 8. a3 Bxc3+ 9. bxc3 e5 10. d5 Ne7 11. fxe4 Nxe4 12. Bd3 Nf5 13. Qf3 Ng5 14. Qf2 Nxe3 15. Qxe3 f6 16. h4 Nf7 17. Qg3 0-0 18. Nh3 e4 19. Be2 Bxh3 20. Qxh3 Qd6 21. 0-0 Nh6 22. Qe6+ Qxe6 23. dxe6 Rfd8 24. g4 Kf8 25. Rf4 Ke7 26. g5 Ng8 27. Rxe4 Rd6 28. Re1 Rad8 29. Bf3 b6 30. Kf2 Rd2+ 31. R1e2 Rxe2+ 32. Kxe2 Rd6 33. Ke3 fxg5 34. hxg5 h6 35. Re5 hxg5 36. Rxg5 Rxe6+ 37. Kd4 Kf6 38. Rg2 Ne7 39. Bd5 Rd6 40. Rf2+ Nf5+ 41. Ke4 g6 42. Bg8 Kg7 43. c5 Rc6 44. Bd5 Rxc5 45. c4 Kf6 46. Kd3 Ra5 47. Ra2 g5 48. Ke4 Nd6+ 49. Kd4 g4 50. a4 Kg5 51. Kc3 g3 52. Kb4 Rc5 53. Rg2 Kf4 54. Kc3 c6 0-1

[Event "Moscow op-B"]
[Site "Moscow"]
[Date "2009.02.01"]
[Round "3"]
[White "Seregin, Alexey"]
[Black "Janikyan, Navek"]
[Result "1-0"]
[WhiteElo "1916"]
[BlackElo "1400"]
[PlyCount "68"]
[EventDate "2009.01.31"]
[EventType "swiss"]
[EventRounds "9"]
[EventCountry "RUS"]
[SourceTitle "EXT 2012"]
[Source "ChessBase"]
[SourceDate "2011.11.24"]
[SourceVersion "1"]
[SourceVersionDate "2011.11.24"]
[SourceQuality "1"]

1. e4 c6 2. Nc3 d5 3. Nf3 Bg4 4. h3 Bh5 5. exd5 cxd5 6. Bb5+ Nc6 7. g4 Bg6 8. Ne5 Rc8 9. h4 f6 10. Nxg6 hxg6 11. d4 e6 12. Qd3 Kf7 13. Bxc6 Rxc6 14. h5 gxh5 15. gxh5 Ne7 16. Bf4 Nf5 17. 0-0-0 Bd6 18. Nxd5 Qa5 19. Bxd6 Rxd6 20. Nc3 Rxd4 21. Qf3 Qb6 22. Rxd4 Nxd4 23. Qg4 Rh6 24. Rd1 Nf5 25. Rd7+ Ke8 26. Rxg7 Kf8 27. Rg6 Qxf2 28. Qb4+ Ne7 29. Nd1 Qf5 30. Rxh6 Qg5+ 31. Qd2 Qxd2+ 32. Kxd2 Kg7 33. Rg6+ Nxg6 34. hxg6 Kxg6 1-0